| 000 | 006130000a22001930004500 | ||
|---|---|---|---|
| 090 |
_aAR _b00540 |
||
| 245 | 1 | 0 | _aBasal area growth for 15 tropical tree species in Puerto Rico |
| 650 | 1 | 4 |
_aBosques _992270 |
| 650 | 1 | 4 |
_aEcología forestal _993578 |
| 650 | 1 | 4 |
_aEspecies forestales _992707 |
| 650 | 1 | 4 |
_aIncremento periódico anual _993579 |
| 651 | 4 |
_pPuerto Rico _992749 |
|
| 653 |
_gBuchenavia _eBuchenavia capitata |
||
| 653 |
_gManilkara _eManilkara bidentata |
||
| 041 | 0 | _aInglés | |
| 100 | 1 |
_aParresol, Bernard R. _993580 |
|
| 942 | _cARTICULO | ||
| 773 | 1 |
_tForest Ecology and Management _3114 _q211-219 _d1995 |
|
| 999 |
_c9635 _d9635 |
||